Administración (Registro nro. 10483)
[ vista simple ]
| 000 -CABECERA | |
|---|---|
| campo de control de longitud fija | 01428aam a2200505 4500 |
| 005 - FECHA Y HORA DE ACTUALIZACIÓN | |
| campo de control | 20231115144246.0 |
| 008 - LONGITUD FIJA | |
| campo de control de longitud fija | 150630b xxu||||| |||| 00| 0 spa d |
| 020 ## - INTERNATIONAL STANDARD BOOK NUMBER | |
| Número Internacional Estándar del Libro | 9786071511843 |
| 041 ## - IDIOMA | |
| Código de idioma del texto/pista de sonido o título separado | |
| 082 ## - CLASIFICACIÓN DECIMAL DEWEY | |
| Número de clasificación | 658 B456ad2 |
| 100 ## - AUTOR PERSONAL | |
| Nombre de persona | Benavides Pañeda, Javier |
| 245 ## - TÍTULO PROPIAMENTE DICHO | |
| Título | Administración |
| 250 ## - EDICIÓN | |
| Mención de edición | 2 edición |
| 260 ## - PIE DE IMPRENTA | |
| Lugar de publicación, distribución, etc. | México |
| 260 ## - PIE DE IMPRENTA | |
| Nombre del editor, distribuidor, etc. | McGraw-Hill |
| 260 ## - PIE DE IMPRENTA | |
| Fecha de publicación, distribución, etc. | 2014 |
| 300 ## - DESCRIPCIÓN FÍSICA | |
| Extensión | 329 páginas |
| 650 ## - Materia General | |
| Materia general | ADMINISTRACIÓN DE EMPRESAS |
| 650 ## - Materia General | |
| Materia general | CLASIFICACIÓN DE EMPRESAS |
| 650 ## - Materia General | |
| Materia general | ADMINISTRADORES |
| 650 ## - Materia General | |
| Materia general | GLOBALIZACIÓN |
| 650 ## - Materia General | |
| Materia general | ÉTICA |
| 650 ## - Materia General | |
| Materia general | PLANEACIÓN |
| 650 ## - Materia General | |
| Materia general | PLANEACIÖN ESTRATÉGICA |
| 650 ## - Materia General | |
| Materia general | FODA |
| 650 ## - Materia General | |
| Materia general | COMPETITIVIDAD |
| 650 ## - Materia General | |
| Materia general | ORGANIZACIÓN |
| 650 ## - Materia General | |
| Materia general | CENTRALIZACIÓN |
| 650 ## - Materia General | |
| Materia general | DESCENTRALIZACIÓN |
| 650 ## - Materia General | |
| Materia general | EQUIPOS DE TRABAJO |
| 650 ## - Materia General | |
| Materia general | ORGANIGRAMAS |
| 650 #0 - Materia General | |
| Materia general | INTEGRACIÓN |
| 650 ## - Materia General | |
| Materia general | DIRECCIÓN |
| 650 ## - Materia General | |
| Materia general | CULTURA ORGANIZACIONAL |
| 650 ## - Materia General | |
| Materia general | LIDERAZGO |
| 650 ## - Materia General | |
| Materia general | COMUNICACIÓN |
| 650 ## - Materia General | |
| Materia general | EMPOWERMENT |
| 650 ## - Materia General | |
| Materia general | COACHING |
| 650 ## - Materia General | |
| Materia general | MOTIVACION |
| 650 ## - Materia General | |
| Materia general | MASLOW, ABRAHAM |
| 650 ## - Materia General | |
| Materia general | TEORÍA HOMEOSTÁTICA |
| 650 ## - Materia General | |
| Materia general | CONTROL |
| 650 ## - Materia General | |
| Materia general | CALIDAD TOTAL |
| 942 ## - Punto de Acceso Adicional Koha | |
| Tipo de ítem Koha | Libro |
| Estado perdido | Estado dañado | No para préstamo | Biblioteca permanente | Biblioteca actual | Signatura completa | Código de barras | Tipo de ítem | Precio efectivo a partir del |
|---|---|---|---|---|---|---|---|---|
| Departamento de Biblioteca y Documentación Alfonso Chase Brenes | Departamento de Biblioteca y Documentación Alfonso Chase Brenes | 658 B456ad2 | 23012 | Libro | ||||
| Departamento de Biblioteca y Documentación Alfonso Chase Brenes | Departamento de Biblioteca y Documentación Alfonso Chase Brenes | 658 B456ad2 | 23013 | Libro | ||||
| Departamento de Biblioteca y Documentación Alfonso Chase Brenes | Departamento de Biblioteca y Documentación Alfonso Chase Brenes | 658 B456ad2 | 23053 | Libro | 23/03/2018 | |||
| Departamento de Biblioteca y Documentación Alfonso Chase Brenes | Departamento de Biblioteca y Documentación Alfonso Chase Brenes | 658 B456ad2 | 24818 | Libro | 16/12/2019 |